| 000 | 01052nam a2200277 i 4500 | ||
|---|---|---|---|
| 001 | 13595 | ||
| 003 | ES-MaACL | ||
| 005 | 20250910210339.0 | ||
| 007 | t| | ||
| 008 | 971210s1985 sp |||| | spa j | ||
| 020 | _a84-505-2401-6 | ||
| 080 | _a111.852 | ||
| 100 | 0 |
_aBurke, Edmund, _d1729-1797 _932698 |
|
| 245 | 1 | 0 |
_aIndagación filosófica sobre el origen de nuestras ideas acerca de lo sublime y de lo bello / _cEdmund Edmund Burke ; traducido por don Juan de la Dehesa ; prólogo Valeriano Bozal. |
| 260 |
_aMurcia : _bColegio Oficial de Aparejadores y Arquitectos Técnicos, _c1985. |
||
| 300 |
_a254 p. ; _c19 cm. |
||
| 490 | 1 |
_aColección de arquitectura ; _v19 |
|
| 500 | _aÍndice. | ||
| 650 | 7 |
_aEstética _2embne _9142387 |
|
| 700 | 1 |
_aDehesa, Juan de la. _943247 |
|
| 700 | 1 |
_aBozal, Valeriano, _d1940-2023 _9242225 |
|
| 710 | 2 |
_aColegio Oficial de Aparejadores y Arquitectos Técnicos de Murcia. _92952 |
|
| 830 | 0 |
_aColección de arquitectura _v19 _9183329 |
|
| 852 |
_aES-MaACL _jL-20958 |
||
| 999 |
_c13595 _d13595 |
||